[Event "VIE-ch U13 Girls"]
[Site "Hanoi"]
[Date "2022.06.17"]
[Round "9"]
[White "Nguyen, Ngoc Phuong Uyen"]
[Black "Tran, Ngo Mai Linh"]
[Result "0-1"]
[WhiteElo "2128"]
[BlackElo "2142"]
[PlyCount "48"]
[EventDate "2022.06.11"]
[EventType "swiss"]
[EventRounds "9"]
[EventCountry "VIE"]
[SourceTitle "EXT 2023"]
[Source "ChessBase"]
[SourceDate "2022.10.05"]
[SourceVersion "1"]
[SourceVersionDate "2022.10.05"]
[SourceQuality "1"]

1. e4 e5 2. Bc4 Nf6 3. Nf3 h6 4. Nc3 Nc6 5. d3 d6 6. 0-0 Bg4 7. h3 Bh5 8. Bb5 Be7 9. Ne2 Bxf3 10. gxf3 0-0 11. Bxc6 bxc6 12. Kh1 Nh5 13. Rg1 Bh4 14. Ng3 Bxg3 15. fxg3 f5 16. f4 fxe4 17. Qxh5 exd3 18. cxd3 Qf6 19. Qh4 Qf5 20. Qg4 Qxd3 21. fxe5 h5 22. Qd1 Qe4+ 23. Kh2 Rf2+ 24. Rg2 Qxg2# 0-1